01506nam a2200421 i 450000100060000000300080000600500170001400600190003100700150005000800410006502000180010602000280012403500220015204000310017405000260020508000120023108200140024310000390025724500900029626400630038630000580044933600290050733700330053633800430056950400290061258800830064160000690072465000310079365000150082465000300083965000240086965000260089365000180091965000310093765000260096865500270099485600630102129691FINmELB20241216220520.0m o u cr cn|||||||||211029s2018 ck a ob 000 0 spa d z9789588721835 a9789588721859q(e-book) a(OCoLC)1285724950 aFINmELBbspaerdacFINmELB14aF2270.2.C4bC377 2018 a94(862)04a299.82231 aCarrizosa Posada, Diego Francisco.13aLa cosmogonía chibcha en la obra de Luis Alberto Acuña /cDiego Carrizosa Posada. 1aBogotá :bEditorial Politécnico Grancolombiano,c2018. a1 recurso en línea (288 páginas) :bilustraciones atextobtxt2rdamedia/spa acomputadorabc2rdamedia/spa arecurso en líneabcr2rdacarrier/spa aContiene bibliografía. aDescripción basada en metadatos suministrados por el editor y otras fuentes.10aAcuña, Luis Alberto,d1904-1993xCriticism and interpretation. 0aChibcha IndiansxReligion. 0aCosmogony. 0aIndigenous artzColombia. 0aPainterszColombia. 4aChibchasxReligión. 4aCosmogonía. 4aArte indígenazColombia. 4aPintores colombianos. 4aLibros electrónicos.40uhttps://elibro.net/ereader/politecnicointernacional/127358